000 00334nam a2200145Ia 4500
008 230718s9999 xx 000 0 und d
041 _aEng.
082 _a296.84
_bFAR-M
100 _aFardumic , Mull Sir
245 0 _aMahomedan Law
260 _aPakistan
_bManzor book house
_c2003
300 _a632
650 _aLaw
999 _c27805
_d27805